Normal view
MARC view
- Personas con discapacidad
Entry Materia
001 - NÚMERO DE CONTROL DEL REGISTRO
- campo de control: 12912
003 - IDENTIFICADOR DE NUMERO DE CONTROL
- campo de control: MX-MxUPN
005 - FECHA Y HORA DE LA ÚLTIMA TRANSACCIÓN
- campo de control: 20250226100002.0
008 - DATOS DE LONGITUD FIJA
- campo de control de longitud fija: 250226nn fnnnnaaba b ana |d
035 ## - NÚMERO DE CONTROL DEL SISTEMA
- Número de control del sistema: UPN10000012920
040 ## - FUENTE DE LA CATALOGACIÓN
- Centro catalogador de origen: MX-MxUPN
- Lengua de catalogación: spa
150 ## - ENCABEZAMIENTO - TEMÁTICO
- Término de materia o nombre geográfico como elemento inicial: Personas con discapacidad
- Subdivisión de materia general: Relaciones familiares
670 ## - FUENTE EN LA QUE SE LOCALIZARON DATOS
- Cita de la fuente: Autoridades LC, 26 febrero 2025 :
- Información localizada: (People with disabilities - Family relationships)
902 ## - CATALOGADOR
- Catalogador: MMA/260809
- Catalogador: VíctorGodínez/260225
